Syntetyczna informacja o sytuacji gospodarczej po trzech kwartalach 1991 r. wraz z elementami prognozy ostrzegawczej.

Z prác Ústredného plánovacieho úradu vo Varšave. Pozitívne javy v poľskom hospodárstve za tri kvartály 1991. Nastal pokles inflácie, vyrovnanie spotrebného trhu, prírastok vkladov. Začal sa trh s cennými papiermi. Spomalilo sa tempo klesania stavebnej výroby. Zlepšil sa pomer medzi dynamikou výroby...

Description complète

Enregistré dans:
Détails bibliographiques
Auteur principal: Chroscicki, T.
Format: Chapitre de livre
Langue:polonais
Sujets:
Tags: Ajouter un tag
Pas de tags, Soyez le premier à ajouter un tag!

MARC

LEADER 00000naa a2200000 4500
001 r006529
005 20221125123027.3
041 0 |a pol 
044 |a PL 
245 1 0 |a Syntetyczna informacja o sytuacji gospodarczej po trzech kwartalach 1991 r. wraz z elementami prognozy ostrzegawczej.  |c T. Chroscicki 
520 |a Z prác Ústredného plánovacieho úradu vo Varšave. Pozitívne javy v poľskom hospodárstve za tri kvartály 1991. Nastal pokles inflácie, vyrovnanie spotrebného trhu, prírastok vkladov. Začal sa trh s cennými papiermi. Spomalilo sa tempo klesania stavebnej výroby. Zlepšil sa pomer medzi dynamikou výroby a zamestnanosti. Vážne ohrozenia priebehu hospodárskych procesov. 
610 2 0 |a rozvoj hospodársky 
610 2 0 |a PR 
610 2 0 |a 1991 
610 2 0 |a inflácia 
610 2 0 |a výroba 
610 2 0 |a zamestnanosť 
610 2 0 |a vklady 
100 1 |a Chroscicki, T.